000 00619nam a2200217 i 4500
001 140584
003 ES-MaACL
005 20230906200116.0
007 t|
008 070214s1931 fr r ||||1| fre d
100 1 _aSeillière, Ernest.
_9105268
245 1 0 _aBaudelaire /
_cErnest Seillière.
260 _aParis :
_bLibraire Armand Colin,
_c1931 (
_eChartres :
_fDurand)
300 _a270 p. ;
_c20 x 14 cm.
490 1 _aAmes et visages
600 1 4 _aBaudelaire, Charles.
_926513
830 0 _aAmes et visages
_9183584
852 _aES-MaACL
_jA-512
852 _aES-MaACL
_jA-2276
999 _c140584
_d140584